Grafología forense: tendencias criminales de la escritura (Registro nro. 3539)

Detalles MARC
000 -Cabecera
Campo de control de longitud fija 00910nam a22003257a 4500
005 - Fecha y hora de la última transacción
Campo de control 20251124145042.0
008 - Elementos de longitud fija--Información general
Campo de control de longitud fija 150303b2007 xxu||||| |||| 00| 0 ES d
020 ## - International Standard Book Number
Número Internacional Estándar del Libro (ISBN) 978950892167.
041 ## - Idioma
Código de idioma Español
082 ## - Clasificación Decimal Dewey
Número de clasificación 363.256.5 F656g
100 ## - Entrada principal--Autor personal
Nombre personal Foglia, Pedro José
9 (RLIN) 2245
245 ## - Título propiamente dicho
Título Grafología forense: tendencias criminales de la escritura
260 ## - Pie de imprenta
Lugar de publicación, distribución, etc. Argentina
260 ## - Pie de imprenta
Nombre del editor, distribuidor, etc. Lugar Editorial
260 ## - Pie de imprenta
Fecha de publicación, distribución, etc. 2007
300 ## - Descripción física
Extensión 288 páginas
490 ## - Serie
Título de la Serie Investigación Criminal
650 ## - Materia general
Temática (materia general) GRAFOLOGÍA FORENSE
650 ## - Materia general
Temática (materia general) VIOLENCIA Y FAMILIA
650 ## - Materia general
Temática (materia general) CONDUCTAS VIOLENTAS
650 ## - Materia general
Temática (materia general) CRIMENES CONTRA LA HUMANIDAD
650 ## - Materia general
Temática (materia general) PSICOLOGÍA FORENSE
650 ## - Materia general
Temática (materia general) ABUSO SEXUAL
650 ## - Materia general
Temática (materia general) MALTRATO INFANTIL
650 ## - Materia general
Temática (materia general) PERSONALIDAD DELICTIVA
650 ## - Materia general
Temática (materia general) SECUESTRO EXTORSIVO
650 ## - Materia general
Temática (materia general) PORNOGRAFÍA INFANTIL
650 ## - Materia general
Temática (materia general) PROSTITUCIÓN INFANTIL
942 ## - Punto de acceso adicional KOHA
Tipo de ítem KOHA Libro
Fuente del sistema de clasificación o colocación Dewey Decimal Classification
Existencias
Signatura completa Código de barras Programa Académico Tipo de ítem
363.256.5 F656g 18370 Investigación Criminal Libro